logo

Bir Sreshtho Munshi Abdur Rouf Library
Jhenaidah Cadet College

On the uses of military power in the nuclear age / (Record no. 4824)

MARC details
000 -LEADER
fixed length control field 00741nam a2200265 a 4500
001 - CONTROL NUMBER
JCCL Control Number 4824
003 - CONTROL NUMBER IDENTIFIER
JCCL marc code BD-JhCC
005 - DATE AND TIME OF LATEST TRANSACTION
control field 20220814134022.0
008 - FIXED-LENGTH DATA ELEMENTS--GENERAL INFORMATION
fixed length control field 880808s1966 nju b 001 0 eng d
035 ## - SYSTEM CONTROL NUMBER
system control number (BD-JhCC)4824
040 ## - CATALOGING SOURCE
Original cataloging agency DLC
Transcribing agency DLC
Modifying agency m.c
-- BD-JhCC
041 ## - LANGUAGE CODE
Language code of Book eng
082 ## - DEWEY DECIMAL CLASSIFICATION NUMBER
Classification number 327.174
Author mark and Year KNO 1966
100 1# - MAIN ENTRY--PERSONAL NAME
Personal name Knorr, Klaus,
Dates associated with a name 1911-1990
245 10 - TITLE STATEMENT
Title On the uses of military power in the nuclear age /
Statement of responsibility, etc by Klaus Knorr
260 ## - PUBLICATION, DISTRIBUTION, ETC. (IMPRINT)
Place of publication, distribution, etc Princeton, N.J :
Name of publisher, distributor, etc Princeton University Press,
Date of publication, distribution, etc 1966.
300 ## - PHYSICAL DESCRIPTION
Pagination x, 185 p. ;
Dimensions 21 cm
500 ## - GENERAL NOTE
General note Includes Index.
504 ## - BIBLIOGRAPHY, ETC. NOTE
Bibliography, etc Bibliographical footnotes
650 #0 - SUBJECT ADDED ENTRY--TOPICAL TERM
Topical term or geographic name as entry element Military policy
650 #0 - SUBJECT ADDED ENTRY--TOPICAL TERM
Topical term or geographic name as entry element Nuclear weapons
650 #0 - SUBJECT ADDED ENTRY--TOPICAL TERM
Topical term or geographic name as entry element World Politics
942 ## - ADDED ENTRY ELEMENTS (KOHA)
Source of classification or shelving scheme Dewey Decimal Classification
Koha item type Books
Koha issues (borrowed), all copies 1
Holdings
Source of classification or shelving scheme Damaged status Not for loan Home library Current library Shelving location Date of accession Total Checkouts Full call number Barcode Date last seen Date checked out Copy number Koha item type
Dewey Decimal Classification     JCC Rouf Library JCC Rouf Library General Stacks 12/03/2017 1 327.174 KNO 1966 6726 08/16/2022 08/13/2022 C-1 Books

JCC Library | Contacts | JCC Home

Last Update on 23 September 2017
Copyright @ 2017-2020 JCC Rouf Library
Rouf Library, Jhenidah Cadet College (JCC), Bangladesh